000 00558nam a2200217Ia 4500
003 OSt
005 20220928144605.0
006 a|||||r|||| 00| 0
007 ta
008 220927b |||||||| |||| 00| 0 eng d
024 _a72307
037 _cTextual
040 _aSDCL
_cSDCL
_beng
041 _2eng
_aeng
082 _aO15,1B2, K9
100 _aDange S A
_9508589
245 0 _aLegends in the Mahabharata
_b A brief survey of folk-tales.
260 _c1969
942 _hO15,1B2, K9
_cTEXL
_2CC
999 _c828363
_d828363